00423nam a2200169Ia 4500008004100000041001200041082001200053100001600065245003800081365000700119520001300126546001200139630003800151650001300189655001300202730003800215101110s9999 xx 000 0 und d aMARATHI bSR17422 aThakur U.S. aVyavsayik Patravyavhar Sandhyapan b25 aCommerce aMARATHI aVyavsayik Patravyavhar Sandhyapan aCommerce aCommerce aVyavsayik Patravyavhar Sandhyapan